English collocations in use: how words work together for fluent and natural english. Selft study and classroom use

Saved in:
Bibliographic Details
Main Authors: McCarthy, Michael (autor), Oï Dell, Felicity (Author)
Format: Book
Language:English
Published: Cambridge Cambridge University 2005
Edition:1a. ed
Subjects:
Tags: Add Tag
No Tags, Be the first to tag this record!

MARC

LEADER 00000nam a2200000 a 4500
001 UCI3476
003 CL-VaPUC
008 071102e20050000uk |||||||||||||||||eng|d
020 |a 9780521603782 
082 0 4 |a 423  |b MCC  |2 21 
100 |a McCarthy, Michael  |e autor  |9 599142 
700 |a Oï Dell, Felicity  |e author  |9 521685 
245 1 0 |a English collocations in use: how words work together for fluent and natural english. Selft study and classroom use 
250 |a 1a. ed 
300 |a 190 p 
942 |c BK 
945 |d 20071102 00:00:00  |a jtorresc 
260 |a Cambridge  |b Cambridge University  |c 2005 
650 0 |a Lengua inglesa  |9 318842 
650 0 |a Educación lingüística  |9 306506 
650 0 |a Métodos de enseñanza  |9 270413 
583 |a last modification  |c 20130806 08:35:43  |k Rodrigo Vera 
999 |c 327653  |d 327651 
952 |0 0  |1 0  |4 0  |6 423_000000000000000_MCC_2005  |7 0  |8 R  |9 410765  |a BIBEDU  |b BIBEDU  |c MCIRC  |d 2019-11-22  |i 438430K  |o 423 MCC 2005  |p 438430K  |r 2023-01-13  |w 2019-11-22  |y BK_R  |k LIT 
952 |0 0  |1 0  |4 0  |6 423_000000000000000_MCC_2005  |7 0  |8 R  |9 410766  |a BIBEDU  |b BIBEDU  |d 2019-11-22  |i 4760735  |o 423 MCC 2005  |p 4760735  |r 2023-01-13  |w 2019-11-22  |y BK_R  |k LIT